Titel im Text - Österreichische Lieder - Statistiken

Allgemein
  • Dieses Quiz wurde 38 mal gespielt
  • Das Durchschnittsergebnis liegt bei 8 aus 20
Antwortstatistiken
Textquiz % Korrekt
{Griechischer} {Wein} / Ist so wie das Blut der Erde / Komm', schenk dir ein
85%
Ich bin so schön, ich bin so toll. / Ich bin der {Anton} {aus} {Tirol}.
85%
Und sie sogt / Waunst amoi no so {ham} {kummst}, sama gschiedane Leid / Waunst amoi no so {ham} {kummst}, host die Scheidung mei Freind
70%
I wü wieder ham / i fühl mi do so allan / Brauch ka große Welt / i wü ham nach {Fürstenfeld}
64%
{Jeanny}, quit livin' on dreams / {Jeanny}, life is not what it seems
55%
Weil {Schifoan} is des leiwaundste / Wos ma si nur vurstelln kann
55%
{Du} {entschuldige} - {i} {kenn} {di} / Bist du net die Klane / Die i schon als Bua gern g'habt hab
48%
{Küss} {die} {Hand}, {schöne} {Frau} / Ihre Augen sind so blau / Tirili, tirilo, tirila
42%
{Live} {is} {life}, when we all feel the power / {Live} {is} {life}, come on stand up and dance / {Live} {is} {life}, when the feeling of the people / {Live} {is} {life}, is the feeling of the band, yeah
42%
Bist wia a des {wilds} {Wossa} / des vom Berg obarinnt / wia a {wilds} {Wossa} / auf a Roas mitnimmt
39%
{Macho} {Macho} kannst net lernen / {Macho} {Macho} muss man sein / {Macho} {Macho} sind fast immer vorn dabei
36%
{Ich} {lebe} / Weil du mein Atem bist / Bin müde / Wenn du das Kissen bist / Bin durstig / Wenn du mein Wasser bist / Du bist für mich mein zweites Ich
30%
{Es} {fährt} {ein} {Zug} {nach} {Nirgendwo} / Mit mir allein als Passagier / Mit jeder Stunde, die vergeht / Führt er mich weiter weg von dir
21%
{Heast} {as} {nit} / Wia die Zeit vergeht / Huidiei jodleiri Huidiridi
21%
{Hupf} {in} {Gatsch} / Und schlog' a Wöhn / Oba tua mi do net quön / {Hupf} {in} {Gatsch} / Und gib a Ruh, / Sonst schliess ich Dir die Augen zu...
21%
Am Ende fällt {Columbo} etwas ein / Lass es unsere Rettung sein / Es wird eine schöne Lösung sein / Doch wir beide passen nicht hinein
18%
La-la-la-la-la-lass mich nicht los / Le-le-le-le-le-le-leg dich zu mir (Yeah) / Ha-ha-ha-ha-ha-ha-halt mich fest (Halt mich fest) / {Maschin}!
18%
A gonzes Lebn long / Wär i dei {Jedermann} / Und hätt dir jeden Tog aufs neiche zagt / Wie weit i fia di gehn und zu dir stehn konn
12%
Won I nur woas er kumt ham zu mir / Donn kum I ma vor ois {wia} {a} {Glock'n}, de 24 Stundn leit
9%
{Stoak} {wie} {a} {Felsen} / Steh i heut vor dir / Nie mehr um di weinen / Wie a verletztes Tier
6%
Keine übereinstimmenden Quizze gefunden
Verteilung der Resultate
Anzahl Personen mit jedem Resultat
Perzentil nach korrekt beantworteten Fragen
Ihre Resultats-Entwicklung
Sie haben dieses Quiz noch nicht gespielt